000 00523nam a2200169 i 4500
001 80118
003 ES-MaACL
005 20230906174132.0
007 t|
008 041026s1968 sp ||||1| spa d
100 1 _aHickey, Leo.
_963548
245 1 0 _aCinco horas con Miguel Delibes
_b: el hombre y el novelista /
_cLeo Hickey ; prólogo de Manuel Cerezales.
260 _aMadrid :
_bPrensa Española,
_c1968.
300 _a380 p. ;
_c19 cm.
700 1 _aCerezales, Manuel.
_937493
852 _aES-MaACL
_jC-35307
_bR.66187
999 _c80118
_d80118